000 01064nam a22002417a 4500
003 OSt
005 20191029062705.0
008 180305b xxu||||| |||| 00| 0 spa d
040 _cPJ
100 _9338
_aCanasi, José
245 _aDerecho administrativo /
_cJosé Canasi.
260 _aBuenos Aires :
_bDepalma,
_c1976-1984.
300 _a4 v.
_c22 cm.
500 _aCitas y notas a pie de página.
505 _aContenido: v. 1: Parte general. v. 2: Parte especial. Los servicios públicos. El acto administrativo. Contratos administrativos. v. 3: Parte especial. Prestaciones de los administrados al Estado. Servidumbres y restricciones administrativas. v. 4: Parte especial. Expropiación pública. Organización y justicia militar. Responsabilidad del estado
650 0 _aDERECHO ADMINISTRATIVO
_9211
650 0 _aACTO ADMINISTRATIVO
_91171
650 0 _aCONTRATOS ADMINISTRATIVOS
_91170
650 0 _aSERVICIO PÚBLICO
_91432
650 0 _aEXPROPIACION
_91811
650 0 _aRESPONSABILIDAD DEL ESTADO
_91215
942 _2udc
_cLIB
_h342.9
_iCAN
999 _c303
_d303